Augusto H. Álvarez (Record no. 13615)

MARC details
000 -CABECERA
campo de control de longitud fija 01058nam a2200265 i 4500
003 - IDENTIFICADOR DEL NÚMERO DE CONTROL
campo de control OSt
005 - FECHA Y HORA DE LA ÚLTIMA TRANSACCIÓN
campo de control 20260530115317.0
008 - DATOS DE LONGITUD FIJA--INFORMACIÓN GENERAL
campo de control de longitud fija 260507b2004 mx a|||| |||| 00| 0 spa d
040 ## - FUENTE DE LA CATALOGACIÓN
Centro catalogador/agencia de origen ICI
Lengua de catalogación spa
Centro/agencia transcriptor ICI
041 ## - CÓDIGO DE LENGUA
Código de lengua del texto/banda sonora o título independiente spa
050 ## - SIGNATURA TOPOGRÁFICA DE LA BIBLIOTECA DEL CONGRESO
Número de clasificación NA759.A43
Número de documento/Ítem C78 2004
100 ## - ENTRADA PRINCIPAL--NOMBRE DE PERSONA
Nombre de persona Cruz González Franco, Lourdes,
Término indicativo de función/relación autora
245 ## - MENCIÓN DE TÍTULO
Título Augusto H. Álvarez
Resto del título Vida y obra /
Mención de responsabilidad, etc. Lourdes Cruz González Franco
250 ## - MENCIÓN DE EDICIÓN
Mención de edición 1a edición
264 ## - PRODUCCIÓN, PUBLICACIÓN, DISTRIBUCIÓN, FABRICACIÓN Y COPYRIGHT
Producción, publicación, distribución, fabricación y copyright México
Nombre del de productor, editor, distribuidor, fabricante Universidad Nacional Autónoma de México, Facultad de Arquitectura,
Fecha de producción, publicación, distribución, fabricación o copyright 2004
300 ## - DESCRIPCIÓN FÍSICA
Extensión 95 páginas :
Otras características físicas Ilustraciones ;
336 ## - TIPO DE CONTENIDO
Fuente rdacontent
Término de tipo de contenido texto
337 ## - TIPO DE MEDIO
Fuente rdamedia
Nombre/término del tipo de medio volumen
338 ## - TIPO DE SOPORTE
Fuente rdacarrier
Nombre/término del tipo de soporte volumen
520 ## - SUMARIO, ETC.
Sumario, etc. Monografía sobre la vida y obra del arquitecto mexicano Augusto H. Álvarez y su contribución a la arquitectura moderna y funcionalista en México.
600 ## - PUNTO DE ACCESO ADICIONAL DE MATERIA--NOMBRE DE PERSONA
Nombre de persona Álvarez, Augusto H.,
Fechas asociadas al nombre 1914-1995
Subdivisión general Crítica e interpretación.
9 (RLIN) 33791
650 ## - PUNTO DE ACCESO ADICIONAL DE MATERIA--TÉRMINO DE MATERIA
Término de materia o nombre geográfico como elemento de entrada Modern movement (Architecture)
Subdivisión geográfica México
9 (RLIN) 33792
650 ## - PUNTO DE ACCESO ADICIONAL DE MATERIA--TÉRMINO DE MATERIA
Término de materia o nombre geográfico como elemento de entrada Arquitectura moderna
Subdivisión cronológica Siglo XX.
Subdivisión geográfica México
942 ## - ELEMENTOS DE PUNTO DE ACCESO ADICIONAL (KOHA)
Fuente del sistema de clasificación o colocación Library of Congress Classification
Tipo de ítem Koha
Suprimir en OPAC 1

No items available.